000 00300 a2200109 4500
001 31779
090 _c21469
_d21469
100 _aBalmer Lesli
245 _aManufacturing Systems, Design and Analysis
260 _aLondon
_bChapman & Hall
_c1994
740 _atermite affected withdrawn from shelves Acc no 71426
942 _aNUST-CAE
999 _c266852
_d266852